00459nam a2200193 a 4500001001300000003000900013005001700022008004100039020000800080082001800088100001300106245002300119260003300142300000900175500003500184505001000219650002300229700001300252nice12345678IN_TiNIC20260116011556.0050524s1918 bada grp 000 0 eng  ac000a297.86bALI14 aAli, M A aAhmadiyya Movement aBadaun bNo Publisher c1918 a152p aincludes index and biblioraphy2 aindex aAhmadiyyah-History1 aAli, M A